Obrysy států světa - Statistics

General Stats
  • This quiz has been taken 13 times
  • The average score is 66 of 196
Answer Stats
Picture Answer % Correct
Austrálie
100%
Česká republika
100%
Francie
100%
Indie
100%
Island
100%
Itálie
100%
Kanada
100%
Německo
100%
Norsko
100%
Rusko
100%
Spojené státy americké
100%
Chile
88%
Japonsko
88%
Rakousko
88%
Spojené království
88%
Chorvatsko
75%
Čína
75%
Filipíny
75%
Indonésie
75%
Kypr
75%
Mali
75%
Portugalsko
75%
Řecko
75%
Španělsko
75%
Turecko
75%
Brazílie
63%
Egypt
63%
Jihoafrická republika
63%
Kazachstán
63%
Laos
63%
Madagaskar
63%
Maroko
63%
Mexiko
63%
Nový Zéland
63%
Pákistán
63%
Švédsko
63%
Švýcarsko
63%
Thajsko
63%
Ukrajina
63%
Vietnam
63%
Argentina
50%
Bosna a Hercegovina
50%
Dánsko
50%
Finsko
50%
Irsko
50%
Maďarsko
50%
Moldavsko
50%
Mosambik
50%
Myanmar
50%
Namibie
50%
Nepál
50%
Peru
50%
Polsko
50%
Rumunsko
50%
Slovensko
50%
Somálsko
50%
Srbsko
50%
Zambie
50%
Albánie
38%
Alžírsko
38%
Angola
38%
Bahamy
38%
Bangladéš
38%
Belgie
38%
Benin
38%
Čad
38%
Černá Hora
38%
Demokratická republika Kongo
38%
Eritrea
38%
Estonsko
38%
Gambie
38%
Gruzie
38%
Írán
38%
Izrael
38%
Jamajka
38%
Jemen
38%
Kosovo
38%
Kuba
38%
Libye
38%
Lichtenštejnsko
38%
Lotyšsko
38%
Lucembursko
38%
Malajsie
38%
Mauritánie
38%
Monako
38%
Mongolsko
38%
Nikaragua
38%
Nizozemsko
38%
Omán
38%
Panama
38%
Papua-Nová Guinea
38%
San Marino
38%
Senegal
38%
Slovinsko
38%
Spojené arabské emiráty
38%
Srí Lanka
38%
Súdán
38%
Tunisko
38%
Uzbekistán
38%
Vatikán
38%
Venezuela
38%
Ázerbájdžán
25%
Bělorusko
25%
Brunej
25%
Bulharsko
25%
Burkina Faso
25%
Gabon
25%
Ghana
25%
Guinea
25%
Haiti
25%
Irák
25%
Jižní Súdán
25%
Kamerun
25%
Kongo
25%
Litva
25%
Malawi
25%
Maledivy
25%
Malta
25%
Niger
25%
Pobřeží slonoviny
25%
Rovníková Guinea
25%
Saudská Arábie
25%
Severní Korea
25%
Severní Makedonie
25%
Singapur
25%
Tádžikistán
25%
Taiwan
25%
Togo
25%
Turkmenistán
25%
Východní Timor
25%
Afgánistán
13%
Arménie
13%
Belize
13%
Bolívie
13%
Ekvádor
13%
Guatemala
13%
Guyana
13%
Jižní Korea
13%
Jordánsko
13%
Kambodža
13%
Kolumbie
13%
Kostarika
13%
Kuvajt
13%
Kyrgyzstán
13%
Libanon
13%
Libérie
13%
Marshallovy ostrovy
13%
Paraguay
13%
Středoafrická republika
13%
Svatá Lucie
13%
Svazijsko
13%
Andorra
0%
Antigua and Barbuda
0%
Bahrajn
0%
Barbados
0%
Bhútán
0%
Botswana
0%
Burundi
0%
Dominika
0%
Dominikánská republika
0%
Džibutsko
0%
Etiopie
0%
Federativní státy Mikronésie
0%
Fidži
0%
Grenada
0%
Guinea-Bissau
0%
Honduras
0%
Kapverdy
0%
Katar
0%
Keňa
0%
Kiribati
0%
Komory
0%
Lesotho
0%
Mauricius
0%
Nauru
0%
Nigérie
0%
Palau
0%
Rwanda
0%
Šalamounovy ostrovy
0%
Salvador
0%
Samoa
0%
Seychely
0%
Sierra Leone
0%
Surinam
0%
Svatý Kryštof a Nevis
0%
Svatý Tomáš a Princův ostrov
0%
Svatý Vincenc a Grenadiny
0%
Sýrie
0%
Tanzanie
0%
Tonga
0%
Trinidad a Tobago
0%
Tuvalu
0%
Uganda
0%
Uruguay
0%
Vanuatu
0%
Zimbabwe
0%
No matching quizzes found
Score Distribution
Percent of People with Each Score
Percentile by Number Answered
Your Score History
You have not taken this quiz